=LDR 00000nam 2200000 4500 =001 000821 =005 20250712120151 =035 ##$$a 0010-0725000691 =007 ta =008 250712################a##########0#ind## =020 ##$$a 978-623-307-157-4 =082 ##$$a 398.209 598 1 =084 ##$$a 398.209 598 1 FIT l =100 #$$a Fitrini, Erna =245 1#$$a Lihat! Lihat! /$c Erna Fitrini =250 ##$$a Cetakan kedua =260 ##$$a Jakarta :$b Badan pengembangan dan pembinaan bahasa,$c 2022 =300 ##$$a 24 hlm. : $b Ilus. ; $c 29,7 cm =650 #4$$a Cerita anak Sumatera =650 #4$$a Literasi-bahan bacaan